Principles of power system (Record no. 30817)

000 -LEADER
fixed length control field 00525nam a22001817a 4500
001 - CONTROL NUMBER
control field 30817
003 - CONTROL NUMBER IDENTIFIER
control field BD-DhUET
008 - FIXED-LENGTH DATA ELEMENTS--GENERAL INFORMATION
fixed length control field 150625b xxu||||| |||| 00| 0 eng d
040 ## - CATALOGING SOURCE
Original cataloging agency DLC
Transcribing agency DLC
Modifying agency BD-DhUET
082 ## - DEWEY DECIMAL CLASSIFICATION NUMBER
Classification number 623.1
Item number MEH/1985
100 ## - MAIN ENTRY--PERSONAL NAME
Personal name Mehta, V. K.
245 ## - TITLE STATEMENT
Title Principles of power system
Remainder of title includeing generation, transmission, distribution, switchgear and protection
250 ## - EDITION STATEMENT
Edition statement 2nd ed.
260 ## - PUBLICATION, DISTRIBUTION, ETC. (IMPRINT)
Place of publication, distribution, etc. New Delhi
Name of publisher, distributor, etc. S. Chand
Date of publication, distribution, etc. 1985
300 ## - PHYSICAL DESCRIPTION
Extent viii,706p.
Other physical details ill
650 #0 - SUBJECT ADDED ENTRY--TOPICAL TERM
Topical term or geographic name as entry element Electric power systems
942 ## - ADDED ENTRY ELEMENTS (KOHA)
Koha item type Reading Item
Holdings
Lost status Shelving location Withdrawn status Location (home branch) Damaged status Koha date last seen Source of classification or shelving scheme Koha normalized classification for sorting Price effective from Date acquired Sublocation or collection (holding branch) Piece designation (barcode) Koha item type Koha full call number Copy number Not for loan
 Reading section Central Library, BUET 2015-06-25 623_100000000000000_MEH_19852015-06-252015-06-25Central Library, BUET64997Reading Item623.1/MEH/19851 
 Reading section Central Library, BUET 2015-06-25 623_100000000000000_MEH_19852015-06-252015-06-25Central Library, BUET64996Reading Item623.1/MEH/19852 
 Reading section Central Library, BUET 2015-06-25 623_100000000000000_MEH_19852015-06-252015-06-25Central Library, BUET64998Reading Item623.1/MEH/19853 
 Reading section Central Library, BUET 2015-06-25 623_100000000000000_MEH_19852015-06-252015-06-25Central Library, BUET65000Reading Item623.1/MEH/19854 
 Reading section Central Library, BUET 2015-06-25 623_100000000000000_MEH_19852015-06-252015-06-25Central Library, BUET64999Reading Item623.1/MEH/19855